000 00359nam a2200133Ia 4500
008 240624s9999 xx 000 0 und d
041 _aeng
082 _a332.1028 BLA
100 _aBLAKSTAD SOFIE
245 _aFINTECH REVOLUTION UNIVERSAL INCLUSION I
260 _c2018
_aSwitzerland
_bPalgrave Macmillan
300 _axv, 406 p.; 23 cm.
365 _cERU
_b35
999 _c31674
_d31674